Pohľad Štátnej ochrany prírody SR na smerovanie a manažment chránených území
Strategické ciele súčasnej ochrany prírody a krajiny. Národné parky v SR. Chránené krajinné oblasti v SR. Základné východiská postupu SR na úseku ochrany prírody a krajiny. Národná sústava chránených území. Európska sústava chránených území NATURA 2000. Najzávažnejšie problémy ochrany prírody a návr...
Na minha lista:
| Autor principal: | |
|---|---|
| Formato: | Capítulo de Livro |
| Idioma: | eslovaco |
| Assuntos: | |
| Tags: |
Sem tags, seja o primeiro a adicionar uma tag!
|
MARC
| LEADER | 00000naa$a2200000$$$4500 | ||
|---|---|---|---|
| 001 | 0031132 | ||
| 005 | 20230928075526.7 | ||
| 041 | 0 | |a slo | |
| 044 | |a SK | ||
| 245 | 1 | 0 | |a Pohľad Štátnej ochrany prírody SR na smerovanie a manažment chránených území |c Peter Urban |
| 520 | |a Strategické ciele súčasnej ochrany prírody a krajiny. Národné parky v SR. Chránené krajinné oblasti v SR. Základné východiská postupu SR na úseku ochrany prírody a krajiny. Národná sústava chránených území. Európska sústava chránených území NATURA 2000. Najzávažnejšie problémy ochrany prírody a návrh ich riešenia. | ||
| 610 | 2 | 0 | |a ochrana prírody |
| 610 | 2 | 0 | |a príroda |
| 610 | 2 | 0 | |a prostredie krajinné |
| 610 | 2 | 0 | |a parky národné |
| 610 | 2 | 0 | |a prostredie prírodné |
| 610 | 2 | 0 | |a územia chránené |
| 610 | 2 | 0 | |a Slovensko |
| 610 | 2 | 0 | |a správa štátna |
| 100 | 1 | |a Urban, Peter | |